Slovensko očami poľského historika rozhovor s Antoni Gizom

Bibliographic Details
Other Authors: Škvarna, Dušan, 1954- (Interviewer)
Format: Article
Language:Slovak
Subjects:

MARC

LEADER 00000nab a2200000 a 4500
001 vtls000749982
003 SK-MaSNL
005 20260304182918.0
008 250429c2000 xo 0 slo
015 |a SNBRB2001/03-07069 
035 |a CLN000101784 
035 |a urn:nbn:sk:snk-ab1k1y 
035 |a (urnnbn)urn:nbn:sk:snk:ar-004azd 
035 |a (uuid)34d5bff1-ebfb-4fe2-9161-68b787f2198e 
040 |a SNKBUCL  |b slo  |c SNKBUCL  |e AACR2 
041 0 |a slo 
044 |a xo  |c SK 
080 |a 930.1-051  |2 1997 
080 |a 943.76"18/19"  |2 1997 
100 1 |a Škvarna, Dušan,  |d 1954-  |4 ivr  |9 213782 
245 1 0 |a Slovensko očami poľského historika  |b rozhovor s Antoni Gizom  |c za rozhovor ďakuje Dušan Škvarna 
300 |b Fotogr. 
600 1 7 |a Giza, Antoni  |d 1947-  |2 snkbucl  |9 1514362 
648 7 |a 19.-20. storočie  |2 SNK  |9 279491 
651 7 |a Slovensko  |x dejiny  |2 SNKPHgeo  |9 13278 
655 7 |a články z novín a časopisov  |2 snkbucl  |9 267496 
700 1 |a Giza, Antoni,  |d 1947-2005  |4 ive  |9 117317 
773 0 |t Historická revue  |g Roč. 11, č. 10 (2000), s. 32  |x 1335-6550 
850 |a Slovenská národná knižnica 
852 |a Slovenská národná knižnica 
954 |a odborná, vedecká literatúra pôvodná (slovenská)  |2 lita 
958 |a article27 
958 |a SK 
958 |a PL 
958 |a OND 
958 |a EUIPO 
992 |a RBX 
999 |c 3031908  |d 3033838